[Event "CZE-chT1W 1718"]
[Site "Czech Republic"]
[Date "2018.02.18"]
[Round "8.3"]
[White "Pochinkov, Andrey"]
[Black "Matras, Ondrej"]
[Result "0-1"]
[WhiteElo "2036"]
[BlackElo "2280"]
[PlyCount "76"]
[EventDate "2017.10.29"]
[EventType "team-tourn"]
[EventRounds "11"]
[EventCountry "CZE"]
[SourceTitle "EXT 2019"]
[Source "ChessBase"]
[SourceDate "2018.10.10"]
[SourceVersion "1"]
[SourceVersionDate "2018.10.10"]
[SourceQuality "1"]
[WhiteTeam "Neratovice II"]
[BlackTeam "Pankrac"]
[WhiteTeamCountry "CZE"]
[BlackTeamCountry "CZE"]

1. Nf3 Nf6 2. b3 g6 3. Bb2 Bg7 4. e3 c5 5. d4 cxd4 6. exd4 d5 7. Bd3 0-0 8. 0-0 Nc6 9. a3 Bg4 10. Nbd2 Nh5 11. h3 Bxf3 12. Nxf3 Nf4 13. Re1 Nxd3 14. Qxd3 e6 15. Rad1 Rc8 16. Re2 Qa5 17. g4 Rfd8 18. h4 Bh6 19. h5 gxh5 20. g5 Bg7 21. Kg2 Ne7 22. Rh1 Ng6 23. Bc1 Rc3 24. Qd1 Qc7 25. Ne5 Bxe5 26. dxe5 Rc8 27. Be3 b6 28. Qd4 Qe7 29. Rxh5 Rxc2 30. Re1 Qc5 31. Qd1 d4 32. Bxd4 Qd5+ 33. Kg1 Rc1 34. Qxc1 Rxc1 35. Rxc1 Qxd4 36. Rh3 Nf4 37. Re3 Qd5 38. f3 Qd2 0-1

[Event "Prague Golden rap op 13th"]
[Site "Prague"]
[Date "2017.07.01"]
[Round "5"]
[White "Frolov, Artur"]
[Black "Pochinkov, Andrey"]
[Result "1/2-1/2"]
[WhiteElo "2332"]
[BlackElo "2021"]
[PlyCount "109"]
[EventDate "2017.07.01"]
[EventType "swiss (rapid)"]
[EventRounds "7"]
[EventCountry "CZE"]
[SourceTitle "EXT 2018"]
[Source "ChessBase"]
[SourceDate "2017.10.13"]
[SourceVersion "1"]
[SourceVersionDate "2017.10.13"]
[SourceQuality "1"]

1. e4 e6 2. d4 d5 3. Nd2 Nf6 4. e5 Nfd7 5. Bd3 c5 6. c3 Nc6 7. Ne2 cxd4 8. cxd4 f6 9. exf6 Nxf6 10. 0-0 Bd6 11. Nf3 Qc7 12. g3 0-0 13. Bf4 e5 14. dxe5 Nxe5 15. Nxe5 Bxe5 16. Rc1 Qd6 17. Qb3 Be6 18. Bxe5 Qxe5 19. Nf4 Bf7 20. Rfe1 Qd4 21. Qc3 Qb6 22. Bf5 Rfe8 23. b3 Rad8 24. Rxe8+ Rxe8 25. Re1 d4 26. Rxe8+ Nxe8 27. Qc8 Qc6 28. Qxc6 bxc6 29. Bd7 c5 30. Bxe8 Bxe8 31. Ne6 d3 32. Kf1 c4 33. bxc4 Bf7 34. Nc5 Bxc4 35. Ke1 Bxa2 36. Nxd3 Kf7 37. Kd2 Ke6 38. f4 Kf5 39. Ke3 Bb1 40. Ne5 a5 41. g4+ Ke6 42. Kd4 a4 43. Nc4 Ba2 44. Ne3 Bb3 45. Kc3 g6 46. Kb4 Kd6 47. h4 Ke6 48. g5 Kd6 49. f5 gxf5 50. Nxf5+ Ke5 51. Ne7 Kf4 52. g6 h5 53. g7 Kg4 54. g8Q+ Bxg8 55. Nxg8 1/2-1/2

[Event "CZE-chT2B 1617"]
[Site "Czech Republic"]
[Date "2017.04.02"]
[Round "11.4"]
[White "Kucera, Petr"]
[Black "Pochinkov, Andrey"]
[Result "1-0"]
[WhiteElo "2264"]
[BlackElo "2059"]
[PlyCount "101"]
[EventDate "2016.10.09"]
[EventType "team-tourn"]
[EventRounds "11"]
[EventCountry "CZE"]
[SourceTitle "EXT 2022"]
[Source "ChessBase"]
[SourceDate "2021.10.06"]
[SourceVersion "1"]
[SourceVersionDate "2021.10.06"]
[SourceQuality "1"]
[WhiteTeam "Turnov Zikuda II"]
[BlackTeam "Jicin IV"]
[WhiteTeamCountry "CZE"]
[BlackTeamCountry "CZE"]

1. d4 Nf6 2. c4 e6 3. Nf3 Bb4+ 4. Nbd2 0-0 5. a3 Bxd2+ 6. Bxd2 d6 7. Qc2 Qe7 8. Bg5 Nbd7 9. e3 e5 10. Be2 Re8 11. 0-0 h6 12. Bh4 c5 13. Rfe1 Nf8 14. dxe5 dxe5 15. Nd2 Ng6 16. Bxf6 Qxf6 17. Bf3 Bf5 18. Be4 Nh4 19. Bxf5 Nxf5 20. Ne4 Qc6 21. Rad1 Rad8 22. Nc3 Rxd1 23. Rxd1 e4 24. Rd5 Nh4 25. Ne2 b6 26. Qd1 Qf6 27. Qd2 Qg6 28. Ng3 Kh7 29. Rd7 Qe6 30. Qd5 Qxd5 31. cxd5 f5 32. Rxa7 Rd8 33. Nh5 Kg6 34. Nf4+ Kf6 35. Rb7 Rd6 36. Ne2 Rxd5 37. Rxb6+ Ke5 38. Nc3 Rd2 39. a4 Rc2 40. h3 h5 41. a5 Rc1+ 42. Kh2 Ra1 43. a6 f4 44. exf4+ Kxf4 45. g3+ Kf3 46. gxh4 Rf1 47. a7 Rxf2+ 48. Kg1 Rc2 49. Rd6 Rg2+ 50. Kh1 Rf2 51. Rd1 1-0

[Event "CZE-chT2B 1617"]
[Site "Czech Republic"]
[Date "2016.10.30"]
[Round "2.8"]
[White "Malac, Petr"]
[Black "Pochinkov, Andrey"]
[Result "0-1"]
[WhiteElo "2002"]
[BlackElo "2059"]
[PlyCount "72"]
[EventDate "2016.10.09"]
[EventType "team-tourn"]
[EventRounds "11"]
[EventCountry "CZE"]
[SourceTitle "EXT 2022"]
[Source "ChessBase"]
[SourceDate "2021.10.06"]
[SourceVersion "1"]
[SourceVersionDate "2021.10.06"]
[SourceQuality "1"]
[WhiteTeam "Mlada Boleslav"]
[BlackTeam "Jicin IV"]
[WhiteTeamCountry "CZE"]
[BlackTeamCountry "CZE"]

1. e4 e6 2. d4 d5 3. Nc3 Bb4 4. e5 c5 5. a3 Bxc3+ 6. bxc3 Ne7 7. Nf3 Nbc6 8. a4 Qc7 9. Ba3 b6 10. Be2 0-0 11. 0-0 f6 12. exf6 Rxf6 13. Qd2 Ng6 14. Qe3 Nce7 15. Bd3 Nf5 16. Bxf5 Rxf5 17. Rfe1 Bd7 18. a5 c4 19. Bb4 Re8 20. axb6 axb6 21. Ne5 Nxe5 22. dxe5 Bc6 23. Qd4 g5 24. g3 Ra8 25. Bd6 Qd8 26. Rxa8 Bxa8 27. Rb1 Rf7 28. Rxb6 Kg7 29. Bb4 Qc8 30. h4 h6 31. hxg5 hxg5 32. Qg4 Rf5 33. Bd6 d4 34. Qxd4 Qh8 35. Kf1 Qh1+ 36. Ke2 Bf3+ 0-1

[Event "Prague Golden op 12th"]
[Site "Prague"]
[Date "2016.06.24"]
[Round "7"]
[White "Gregor, Jiri"]
[Black "Pochinkov, Andrey"]
[Result "1-0"]
[WhiteElo "2234"]
[BlackElo "2125"]
[PlyCount "125"]
[EventDate "2016.06.19"]
[EventType "swiss"]
[EventRounds "9"]
[EventCountry "CZE"]
[SourceTitle "CBM 173 Extra"]
[Source "ChessBase"]
[SourceDate "2016.08.29"]
[SourceVersion "1"]
[SourceVersionDate "2016.08.29"]
[SourceQuality "1"]

1. d4 Nf6 2. c4 e6 3. Nf3 Bb4+ 4. Nbd2 0-0 5. a3 Bxd2+ 6. Bxd2 d6 7. Bg5 h6 8. Bh4 Nbd7 9. e3 e5 10. Be2 Re8 11. h3 Qe7 12. Qc2 c5 13. d5 e4 14. Nd2 g5 15. Bg3 Nf8 16. h4 Bf5 17. hxg5 hxg5 18. 0-0-0 Bg6 19. Nb1 N8d7 20. Nc3 a6 21. Kb1 Ne5 22. Ka1 Kg7 23. Qb3 Rab8 24. Na4 b5 25. cxb5 c4 26. Qb4 Rxb5 27. Qc3 Nxd5 28. Bxe5+ Qxe5 29. Qxe5+ Rxe5 30. Bxc4 Ra5 31. Bxd5 Raxd5 32. Nc3 Rd3 33. Rxd3 exd3 34. Rd1 d5 35. b4 Kf8 36. Kb2 Ke7 37. Rd2 g4 38. g3 Be4 39. Na4 a5 40. Kc3 axb4+ 41. axb4 Re6 42. Nc5 Rc6 43. Rb2 Kd6 44. Kd4 f5 45. Ra2 Rb6 46. Kc3 Rc6 47. Ra6 Rxa6 48. Nxa6 Kc6 49. Nc5 Kb5 50. Nxd3 Bf3 51. Nf4 Be4 52. Ne6 Kc6 53. Kd4 Kb5 54. Nf4 Kxb4 55. Nxd5+ Kb3 56. Ne7 Kc2 57. Ke5 Kd3 58. Nxf5 Bf3 59. Nd4 Bb7 60. Kf4 Bc8 61. Nf5 Ke2 62. e4 Kxf2 63. Ng7 1-0

[Event "CZE-chT2B 1516"]
[Site "Czech Republic"]
[Date "2015.12.06"]
[Round "4.8"]
[White "Pochinkov, Andrey"]
[Black "Jacek, Miloslav"]
[Result "1-0"]
[WhiteElo "2119"]
[BlackElo "1973"]
[PlyCount "85"]
[EventDate "2015.10.18"]
[EventType "team-tourn"]
[EventRounds "11"]
[EventCountry "CZE"]
[SourceTitle "EXT 2022"]
[Source "ChessBase"]
[SourceDate "2021.10.06"]
[SourceVersion "1"]
[SourceVersionDate "2021.10.06"]
[SourceQuality "1"]
[WhiteTeam "Jicin II"]
[BlackTeam "Mlada Boleslav"]
[WhiteTeamCountry "CZE"]
[BlackTeamCountry "CZE"]

1. Nf3 Nf6 2. b3 d5 3. Bb2 Bf5 4. e3 e6 5. d4 Be7 6. Be2 h6 7. Ne5 0-0 8. Nd2 Nbd7 9. 0-0 c6 10. g4 Bh7 11. f4 Ne4 12. f5 exf5 13. gxf5 Ndf6 14. c4 Nxd2 15. Qxd2 Ne4 16. Qc2 Bd6 17. Bg4 Qg5 18. Qg2 Qxe3+ 19. Kh1 Qd2 20. Nd7 Qxg2+ 21. Kxg2 Rfe8 22. f6 g5 23. Ne5 dxc4 24. bxc4 c5 25. Bh5 Rf8 26. Ng4 Nd2 27. Nxh6+ Kh8 28. dxc5 Be4+ 29. Kh3 Bxc5 30. Nxf7+ Rxf7 31. Bxf7 Nxf1 32. Rxf1 Bd3 33. Rf3 g4+ 34. Kxg4 Be2 35. Bd5 Kh7 36. Kf5 Bxf3 37. Bxf3 Rd8 38. Be5 b6 39. Bh5 Bd6 40. Bb2 Bxh2 41. Bg6+ Kg8 42. Ke6 Bg1 43. Ke7 1-0

[Event "CZE-chT2B 1415"]
[Site "Czech Republic"]
[Date "2015.04.19"]
[Round "11.7"]
[White "Marsalek, Zdenek"]
[Black "Pochinkov, Andrey"]
[Result "1-0"]
[WhiteElo "2233"]
[BlackElo "2108"]
[PlyCount "87"]
[EventDate "2014.11.02"]
[EventType "team-tourn"]
[EventRounds "11"]
[EventCountry "CZE"]
[SourceTitle "EXT 2022"]
[Source "ChessBase"]
[SourceDate "2021.10.06"]
[SourceVersion "1"]
[SourceVersionDate "2021.10.06"]
[SourceQuality "1"]
[WhiteTeam "Turnov Zikuda II"]
[BlackTeam "Jicin III"]
[WhiteTeamCountry "CZE"]
[BlackTeamCountry "CZE"]

1. d4 Nf6 2. Nf3 e6 3. g3 c5 4. Bg2 Nc6 5. 0-0 Qb6 6. dxc5 Bxc5 7. c4 Ne4 8. e3 0-0 9. Ne1 Nf6 10. Nc3 Qb4 11. Qa4 Ne5 12. a3 Qxa4 13. Nxa4 Be7 14. b3 Rb8 15. Bb2 Nc6 16. b4 b5 17. cxb5 Rxb5 18. Nd3 d5 19. Rfc1 Bd7 20. Nac5 Be8 21. a4 Rb8 22. Na6 Rb7 23. Bc3 Nd7 24. e4 d4 25. b5 Nce5 26. Nxe5 dxc3 27. Nc6 Nb6 28. Rxc3 e5 29. Bh3 f6 30. a5 Na8 31. Bc8 Bxc6 32. Be6+ Kh8 33. bxc6 Rc7 34. Rb1 Rd8 35. Rb7 Bd6 36. Nxc7 Nxc7 37. Bh3 a6 38. Rd3 h5 39. Rxd6 Rxd6 40. Rxc7 Rd1+ 41. Kg2 Rc1 42. Bf5 g5 43. Rh7+ Kg8 44. c7 1-0

[Event "CZE-chT2B 1415"]
[Site "Czech Republic"]
[Date "2015.02.08"]
[Round "7.8"]
[White "Pochinkov, Andrey"]
[Black "Bargel, Martin"]
[Result "0-1"]
[WhiteElo "2108"]
[BlackElo "2101"]
[PlyCount "70"]
[EventDate "2014.11.02"]
[EventType "team-tourn"]
[EventRounds "11"]
[EventCountry "CZE"]
[SourceTitle "EXT 2022"]
[Source "ChessBase"]
[SourceDate "2021.10.06"]
[SourceVersion "1"]
[SourceVersionDate "2021.10.06"]
[SourceQuality "1"]
[WhiteTeam "Jicin III"]
[BlackTeam "Neratovice"]
[WhiteTeamCountry "CZE"]
[BlackTeamCountry "CZE"]

1. Nf3 d5 2. b3 Nf6 3. Bb2 Bf5 4. e3 e6 5. Be2 h6 6. d4 Bd6 7. 0-0 0-0 8. Ne5 Nbd7 9. Nd2 c6 10. f4 Ne4 11. Ndf3 f6 12. Nd3 g5 13. Qe1 Qe8 14. h3 Rc8 15. c4 Qe7 16. Rc1 Qh7 17. g4 Bg6 18. Kg2 h5 19. Rh1 h4 20. Rd1 Ng3 21. Rg1 Be4 22. Qd2 Qh6 23. Bc1 Rf7 24. Nf2 Bb4 25. Qxb4 Nxe2 26. Rge1 Nxc1 27. Rxc1 gxf4 28. Qxb7 Bxf3+ 29. Kxf3 Ne5+ 30. dxe5 Rxb7 31. exf4 Rf8 32. Nd3 Rff7 33. cxd5 cxd5 34. Kg2 fxe5 35. fxe5 Qg7 0-1

[Event "CZE-chT2B 1415"]
[Site "Czech Republic"]
[Date "2014.11.02"]
[Round "1.7"]
[White "Pochinkov, Andrey"]
[Black "Jares, Jiri"]
[Result "0-1"]
[WhiteElo "2108"]
[BlackElo "2014"]
[PlyCount "92"]
[EventDate "2014.11.02"]
[EventType "team-tourn"]
[EventRounds "11"]
[EventCountry "CZE"]
[SourceTitle "EXT 2022"]
[Source "ChessBase"]
[SourceDate "2021.10.06"]
[SourceVersion "1"]
[SourceVersionDate "2021.10.06"]
[SourceQuality "1"]
[WhiteTeam "Jicin III"]
[BlackTeam "Bakov nad Jizerou"]
[WhiteTeamCountry "CZE"]
[BlackTeamCountry "CZE"]

1. Nf3 d5 2. b3 Nf6 3. Bb2 g6 4. e3 Bg7 5. d4 0-0 6. Nbd2 c5 7. Bd3 Nc6 8. 0-0 Nd7 9. c4 dxc4 10. bxc4 b6 11. Be4 Bb7 12. d5 Nce5 13. Nxe5 Nxe5 14. Qc2 f5 15. f4 Nf7 16. Bxg7 Kxg7 17. Qc3+ Kg8 18. Bc2 Bc8 19. g4 Nd6 20. g5 Qe8 21. Nf3 Qf7 22. Ne5 Qg7 23. Kg2 Bb7 24. Kg3 Rae8 25. Rad1 e6 26. dxe6 Rxe6 27. Rf2 Ba8 28. h4 Be4 29. Kh3 Ba8 30. a4 a5 31. Qb2 Rfe8 32. Qxb6 Nf7 33. Qxc5 Nxe5 34. fxe5 Rxe5 35. Qd6 R5e6 36. Qf4 Rxe3+ 37. Kh2 Qc3 38. Rfd2 Rh3+ 39. Kg1 Rg3+ 40. Kh2 Rf3 41. Rd3 Re2+ 42. Kg1 Re1+ 43. Kh2 Qxc2+ 44. R1d2 Rh1+ 45. Kxh1 Rxd3+ 46. Kg1 Qc1+ 0-1

[Event "CZE-chT2D 1314"]
[Site "Czech Republic"]
[Date "2014.03.02"]
[Round "9.8"]
[White "Kosek, Marek"]
[Black "Pochinkov, Andrey"]
[Result "1/2-1/2"]
[WhiteElo "2007"]
[BlackElo "2123"]
[PlyCount "145"]
[EventDate "2013.11.03"]
[EventType "team-tourn"]
[EventRounds "11"]
[EventCountry "CZE"]
[SourceTitle "EXT 2016"]
[Source "ChessBase"]
[SourceDate "2015.10.08"]
[SourceVersion "1"]
[SourceVersionDate "2015.10.08"]
[SourceQuality "1"]
[WhiteTeam "Vysoke Myto"]
[BlackTeam "Jicin II"]
[WhiteTeamCountry "CZE"]
[BlackTeamCountry "CZE"]

1. e4 e6 2. Qe2 Nc6 3. Nf3 e5 4. c3 Nf6 5. g3 Be7 6. Bg2 0-0 7. 0-0 Re8 8. d3 h6 9. Re1 Bf8 10. Qc2 d5 11. Nbd2 dxe4 12. dxe4 a5 13. Nc4 b5 14. Ne3 Be6 15. Bd2 a4 16. b3 Bc5 17. Bf1 Qb8 18. bxa4 Rxa4 19. Reb1 Qa8 20. Rxb5 Nxe4 21. Bg2 Qa6 22. Rab1 Nxd2 23. Nxd2 Bxe3 24. fxe3 Rxa2 25. Qe4 Rxd2 26. Qxc6 Qxc6 27. Bxc6 Bd7 28. Rd5 Rxd5 29. Bxd5 Bc8 30. Rb8 Kf8 31. Bc6 Bd7 32. Rxe8+ Bxe8 33. Be4 Ke7 34. Kf2 Kd6 35. Ke2 Bb5+ 36. Kd2 Kc5 37. Kc2 Bf1 38. h4 Bh3 39. Kd2 Be6 40. Ke2 Bd5 41. Bf5 g6 42. Bc2 Kc4 43. Kd2 Bf3 44. Bd3+ Kd5 45. Bc2 f5 46. Bb3+ Kc5 47. Bc2 Kc4 48. Bd3+ Kb3 49. Bc2+ Kb2 50. Bd3 c5 51. Bc4 g5 52. Be6 Be4 53. hxg5 hxg5 54. Bf7 f4 55. exf4 exf4 56. gxf4 gxf4 57. Be6 f3 58. Ke3 Bc6 59. c4 Kc3 60. Bd5 Ba4 61. Bxf3 Kxc4 62. Kd2 Kb4 63. Kc1 Kc3 64. Bd5 Bb3 65. Bc6 Bc4 66. Bd7 Kb3 67. Bc6 Be6 68. Bb5 Kb4 69. Bc6 c4 70. Be4 Kc3 71. Bc6 Kb3 72. Bb5 c3 73. Bc6 1/2-1/2

[Event "CZE-chT2B 1213"]
[Site "Czech Republic"]
[Date "2013.03.03"]
[Round "10.3"]
[White "Skrivanek, Jan"]
[Black "Pochinkov, Andrey"]
[Result "1-0"]
[WhiteElo "2160"]
[BlackElo "2164"]
[PlyCount "77"]
[EventDate "2012.10.14"]
[EventType "team-tourn"]
[EventRounds "11"]
[EventCountry "CZE"]
[SourceTitle "EXT 2015"]
[Source "ChessBase"]
[SourceDate "2014.11.20"]
[SourceVersion "1"]
[SourceVersionDate "2014.11.20"]
[SourceQuality "1"]
[WhiteTeam "Kralupy nad Vltavou"]
[BlackTeam "Jicin II"]
[WhiteTeamCountry "CZE"]
[BlackTeamCountry "CZE"]

1. d4 Nf6 2. Nf3 e6 3. g3 Nc6 4. Bg2 d6 5. Bf4 Qe7 6. Nc3 h6 7. Qd2 e5 8. d5 Na5 9. Nb5 exf4 10. Qxa5 Nxd5 11. 0-0-0 Nb6 12. Qc3 Kd8 13. Ne5 a6 14. Nxd6 cxd6 15. Rxd6+ Ke8 16. Rxb6 Qc5 17. Qb3 Qxe5 18. Rxb7 Be7 19. Rxe7+ Kxe7 20. Bxa8 Be6 21. Qb4+ Kf6 22. gxf4 Qxe2 23. Qc3+ Ke7 24. f5 Rxa8 25. fxe6 Qe4 26. Re1 Qf4+ 27. Kb1 g5 28. Qc6 Rf8 29. Qd7+ Kf6 30. e7 Qxf2 31. e8Q Rxe8 32. Qxe8 g4 33. Qe5+ Kg6 34. Qg3 Qd4 35. Qd3+ Qxd3 36. cxd3 f5 37. d4 f4 38. d5 f3 39. d6 1-0

[Event "CZE-chT2B 1213"]
[Site "Czech Republic"]
[Date "2013.01.20"]
[Round "7.4"]
[White "Koubek, Vaclav1111"]
[Black "Pochinkov, Andrey"]
[Result "0-1"]
[WhiteElo "2069"]
[BlackElo "2164"]
[PlyCount "76"]
[EventDate "2012.10.14"]
[EventType "team-tourn"]
[EventRounds "11"]
[EventCountry "CZE"]
[SourceTitle "EXT 2015"]
[Source "ChessBase"]
[SourceDate "2014.11.20"]
[SourceVersion "1"]
[SourceVersionDate "2014.11.20"]
[SourceQuality "1"]
[WhiteTeam "Praha Dukla"]
[BlackTeam "Jicin II"]
[WhiteTeamCountry "CZE"]
[BlackTeamCountry "CZE"]

1. e4 e6 2. d4 d5 3. exd5 exd5 4. Bf4 Ne7 5. Nf3 Ng6 6. Bg3 h5 7. h4 Bd6 8. Bxd6 Qxd6 9. Bd3 Bg4 10. Nc3 0-0 11. Bxg6 fxg6 12. Qd3 Bxf3 13. gxf3 Nc6 14. 0-0-0 Nb4 15. Qd2 Rxf3 16. Nb5 Qf8 17. a3 Na6 18. Rhg1 Rxf2 19. Qd3 Qf5 20. Rxg6 Qxd3 21. Rxd3 Re8 22. Nc3 c6 23. Rdg3 Re1+ 24. Nd1 Rf7 25. R6g5 Re4 26. Rxh5 Rxd4 27. Ne3 Rdf4 28. b4 Rf3 29. Rhg5 Rxg3 30. Rxg3 Nc7 31. Kd2 Nb5 32. a4 Nd6 33. Rg4 Ne4+ 34. Ke1 Nc3 35. a5 Re7 36. Kd2 Ne4+ 37. Ke2 d4 38. Nf5 Ng3+ 0-1

[Event "Prague op-A 12th"]
[Site "Prague"]
[Date "2013.01.14"]
[Round "7"]
[White "Gajic, Mladen"]
[Black "Pochinkov, Andrey"]
[Result "1-0"]
[WhiteElo "2278"]
[BlackElo "2164"]
[PlyCount "125"]
[EventDate "2013.01.09"]
[EventType "swiss"]
[EventRounds "9"]
[EventCountry "CZE"]
[SourceTitle "CBM 152 Extra"]
[Source "ChessBase"]
[SourceDate "2013.02.25"]
[SourceVersion "1"]
[SourceVersionDate "2013.02.25"]
[SourceQuality "1"]

1. e4 e6 2. d3 d5 3. Nd2 Nc6 4. Ngf3 Nf6 5. c3 Be7 6. g3 0-0 7. Bg2 b6 8. 0-0 Ba6 9. Qa4 Nb8 10. e5 Nfd7 11. c4 c6 12. b4 Qc7 13. Bb2 b5 14. Qb3 bxc4 15. dxc4 Nb6 16. c5 Nc4 17. Rfe1 Nxb2 18. Qxb2 Bd3 19. Qd4 Bg6 20. Nh4 a5 21. Nxg6 hxg6 22. a3 Nd7 23. f4 Rfb8 24. Kh1 axb4 25. axb4 Rxa1 26. Rxa1 Qb7 27. Bf1 Bf8 28. Ra4 Ra8 29. Qa1 Rxa4 30. Qxa4 f6 31. exf6 gxf6 32. Nb3 Nb8 33. Na5 Qc7 34. Qc2 Kf7 35. Bd3 f5 36. Kg2 Be7 37. Qa4 Bd8 38. Nb3 e5 39. fxe5 Qxe5 40. b5 cxb5 41. Qxb5 Bc7 42. Nd2 Qe8 43. Qb3 Qc6 44. Nf3 Qxc5 45. Qb2 d4 46. Qb3+ Kf6 47. Qg8 Qe7 48. Qh8+ Ke6 49. Bc4+ Kd7 50. Bb5+ Ke6 51. Qxd4 Qf6 52. Qc4+ Kd6 53. Qf4+ Kd5 54. Qxc7 Qb2+ 55. Kh3 Qxb5 56. Qe5+ Kc4 57. Qxb5+ Kxb5 58. Kh4 Kc5 59. Kg5 Kd5 60. Nh4 Ke4 61. Nxg6 Nc6 62. h4 Nd8 63. Kf6 1-0

[Event "CZE-chT2B 1213"]
[Site "Czech Republic"]
[Date "2013.01.06"]
[Round "6.4"]
[White "Pochinkov, Andrey"]
[Black "Kaisler, Martin"]
[Result "1-0"]
[WhiteElo "2164"]
[BlackElo "2102"]
[PlyCount "59"]
[EventDate "2012.10.14"]
[EventType "team-tourn"]
[EventRounds "11"]
[EventCountry "CZE"]
[SourceTitle "EXT 2015"]
[Source "ChessBase"]
[SourceDate "2014.11.20"]
[SourceVersion "1"]
[SourceVersionDate "2014.11.20"]
[SourceQuality "1"]
[WhiteTeam "Jicin II"]
[BlackTeam "Horice"]
[WhiteTeamCountry "CZE"]
[BlackTeamCountry "CZE"]

1. Nf3 g6 2. b3 Bg7 3. d4 d5 4. Bb2 Nf6 5. Nbd2 0-0 6. e3 Bg4 7. h3 Bxf3 8. Qxf3 c5 9. Bd3 Qa5 10. Qe2 Nc6 11. dxc5 e5 12. 0-0 Nd7 13. e4 Nxc5 14. exd5 Nxd3 15. Qxd3 Nd4 16. c3 Nf5 17. Ne4 Ne7 18. d6 Nc6 19. Rfd1 Rad8 20. a3 Qb6 21. b4 Nb8 22. c4 a6 23. c5 Qc6 24. a4 h6 25. b5 Qc8 26. Qd5 Kh7 27. Bxe5 Bxe5 28. Qxe5 Nd7 29. Qe7 Rde8 30. Qxd7 1-0

[Event "CZE-chT2B 1213"]
[Site "Czech Republic"]
[Date "2012.11.18"]
[Round "3.3"]
[White "Korschner, Miroslav"]
[Black "Pochinkov, Andrey"]
[Result "0-1"]
[WhiteElo "2153"]
[BlackElo "2164"]
[PlyCount "86"]
[EventDate "2012.10.14"]
[EventType "team-tourn"]
[EventRounds "11"]
[EventCountry "CZE"]
[SourceTitle "EXT 2015"]
[Source "ChessBase"]
[SourceDate "2014.11.20"]
[SourceVersion "1"]
[SourceVersionDate "2014.11.20"]
[SourceQuality "1"]
[WhiteTeam "Usti nad Labem"]
[BlackTeam "Jicin II"]
[WhiteTeamCountry "CZE"]
[BlackTeamCountry "CZE"]

1. Nf3 Nf6 2. c4 g6 3. Nc3 Bg7 4. g3 d5 5. cxd5 Nxd5 6. Bg2 Nxc3 7. bxc3 0-0 8. 0-0 c5 9. Rb1 Nc6 10. Qa4 Qc7 11. Ba3 Bd7 12. Bxc5 Nd4 13. Qb4 Nxe2+ 14. Kh1 Bf5 15. Rb3 a5 16. Qb5 a4 17. Rb4 Ra5 18. Qxe2 Qxc5 19. Rxb7 Be6 20. Re1 Bxa2 21. d4 Qc4 22. Qxe7 Qxc3 23. Re3 Qc4 24. h4 Rf5 25. Rc7 Qa6 26. Ra7 Qb5 27. Rb7 Qc6 28. Rc7 Qf6 29. Qa3 Bd5 30. Rc5 Bb3 31. Rce5 Bh6 32. Re8 Rd5 33. Rxf8+ Bxf8 34. Re8 Qd6 35. Qc1 Kg7 36. Kh2 Rf5 37. d5 Bxd5 38. Qc3+ Qf6 39. Qc8 Rxf3 40. Rxf8 Rxf2 41. Rg8+ Kh6 42. Qc1+ Kh5 43. g4+ Kxg4 0-1

[Event "CZE-chT1W 1112"]
[Site "Czech Republic"]
[Date "2012.03.18"]
[Round "10.8"]
[White "Pochinkov, Andrey"]
[Black "Kovar, Ladislav"]
[Result "1-0"]
[WhiteElo "2181"]
[BlackElo "1974"]
[PlyCount "71"]
[EventDate "2011.10.02"]
[EventType "team-tourn"]
[EventRounds "11"]
[EventCountry "CZE"]
[SourceTitle "EXT 2013"]
[Source "ChessBase"]
[SourceDate "2012.11.22"]
[SourceVersion "1"]
[SourceVersionDate "2012.11.22"]
[SourceQuality "1"]
[WhiteTeam "Praha Mahrla"]
[BlackTeam "Postovni sporitelna II"]
[WhiteTeamCountry "CZE"]
[BlackTeamCountry "CZE"]

1. Nf3 Nf6 2. b3 g6 3. Bb2 Bg7 4. e3 d5 5. d4 0-0 6. Nbd2 Bg4 7. Bd3 Nbd7 8. h3 Bxf3 9. Nxf3 c6 10. 0-0 Qc7 11. Ne5 Ne4 12. f4 f6 13. Nf3 Ng3 14. Rf2 e5 15. dxe5 fxe5 16. Ng5 Qd6 17. Qg4 Nf5 18. e4 Nf6 19. Qd1 Nxe4 20. Bxe4 dxe4 21. Qxd6 Nxd6 22. Ne6 e3 23. Re2 Rf7 24. Nxg7 exf4 25. Ne6 Ne4 26. Rd1 Re8 27. Nd4 Rd8 28. Rc1 g5 29. Nf3 h5 30. Ne5 Rff8 31. Nd3 g4 32. Be5 f3 33. gxf3 gxf3 34. Rxe3 f2+ 35. Kg2 Rd5 36. Rxe4 1-0

[Event "CZE-chT1W 1112"]
[Site "Czech Republic"]
[Date "2011.12.11"]
[Round "5.8"]
[White "Kuba, Jindrich"]
[Black "Pochinkov, Andrey"]
[Result "1-0"]
[WhiteElo "2211"]
[BlackElo "2181"]
[PlyCount "67"]
[EventDate "2011.10.02"]
[EventType "team-tourn"]
[EventRounds "11"]
[EventCountry "CZE"]
[SourceTitle "EXT 2013"]
[Source "ChessBase"]
[SourceDate "2012.11.22"]
[SourceVersion "1"]
[SourceVersionDate "2012.11.22"]
[SourceQuality "1"]
[WhiteTeam "Postovni sporitelna"]
[BlackTeam "Praha Mahrla"]
[WhiteTeamCountry "CZE"]
[BlackTeamCountry "CZE"]

1. e4 e6 2. d4 d5 3. Nc3 Bb4 4. e5 c5 5. a3 Bxc3+ 6. bxc3 Ne7 7. Nf3 Nbc6 8. Be2 Qc7 9. 0-0 f6 10. exf6 gxf6 11. g3 Ng6 12. Re1 Bd7 13. h4 0-0-0 14. h5 Nge7 15. Bf1 e5 16. dxe5 fxe5 17. Ng5 Rdf8 18. h6 Bf5 19. Bg2 Qd6 20. f4 Rhg8 21. Rb1 Qxh6 22. c4 Qg6 23. cxd5 Bxc2 24. Bh3+ Kb8 25. Rxb7+ Kxb7 26. dxc6+ Nxc6 27. Qd7+ Kb6 28. Be3 exf4 29. Bxc5+ Ka5 30. Qc7+ Ka4 31. Bd7 Kb5 32. Re6 Qxg5 33. Qxc6+ Kc4 34. Bb4+ 1-0

[Event "Prague op-A 10th"]
[Site "Prague"]
[Date "2011.01.08"]
[Round "2"]
[White "Pochinkov, Andrey"]
[Black "Studnicka, Tomas"]
[Result "0-1"]
[WhiteElo "2219"]
[BlackElo "2348"]
[PlyCount "66"]
[EventDate "2011.01.07"]
[EventType "swiss"]
[EventRounds "9"]
[EventCountry "CZE"]
[SourceTitle "CBM 140 Extra"]
[Source "ChessBase"]
[SourceDate "2011.03.01"]
[SourceVersion "1"]
[SourceVersionDate "2011.03.01"]
[SourceQuality "1"]

1. Nf3 c5 2. b3 Nc6 3. Bb2 d5 4. e3 Bg4 5. d4 cxd4 6. exd4 Nf6 7. Nbd2 e6 8. Be2 Be7 9. 0-0 0-0 10. Ne5 Bf5 11. g4 Bg6 12. f4 Nxe5 13. dxe5 Bc5+ 14. Kh1 Be4+ 15. Bf3 Bxf3+ 16. Qxf3 Nd7 17. f5 Qg5 18. Rad1 Rac8 19. c4 Bb4 20. Qg2 Bxd2 21. Rxd2 Nb6 22. Ba3 Rfe8 23. Rdf2 dxc4 24. fxe6 fxe6 25. Qxb7 h6 26. Qxa7 Nd5 27. bxc4 Rxc4 28. Qf7+ Kh7 29. Qxe8 Qxe5 30. Qf7 Ne3 31. Bb2 Qd5+ 32. Rf3 Rxg4 33. h3 Rg3 0-1